Visualizzazione normale
Vista MARC
- Smalley Beryl
di Personal Name
Records bibliografici associati: 1
001 - CONTROL NUMBER
- control field: 36252
003 - CONTROL NUMBER IDENTIFIER
- control field: IT-RoPau
005 - DATE AND TIME OF LATEST TRANSACTION
- control field: 20151015223202.0
008 - FIXED-LENGTH DATA ELEMENTS
- fixed length control field: 151015|| aca||aabn | a|a d
040 ## - CATALOGING SOURCE
- Original cataloging agency: IT-RoPau
- Transcribing agency: IT-RoPau
100 ## - HEADING--PERSONAL NAME
- Personal name: Smalley Beryl
670 ## - SOURCE DATA FOUND
- Source citation: Work cat.: (IT-RoPau)35753: Smalley Beryl, Lo studio della Bibbia nel medioevo